000 00761nam a2200253 a 4500
001 49577
003 BD-RjUL
005 20211209054710.0
008 160821s1948 iluab 000 0 eng
035 _aMITb10905755
035 _a(OCoLC)02210345
_a(BD-RjUL)49696
040 _aDLC
_cTOL
_dNRC
_dMYG
_dBD-RjUL
_beng
041 _aeng
082 _a380.9
_bISI 1948
100 1 _aIsaacs, Asher,
_d1902-1963.
_9130547
245 1 0 _aInternational trade:
_btariff and commercial policies /
_cAsher Isaacs.
260 _aChicago:
_bR. D. Irwin,
_c1948.
300 _axxv, 838 p. :
_bill .;
_c24 cm.
650 0 _aCommerce
_xHistory.
_9133088
650 0 _aCommercial policy.
_9148681
650 0 _aTariff
_xHistory.
_9148682
942 _2ddc
_cBK
999 _c49577
_d49577